000 00437nam a2200169Ia 4500
008 180207s9999 xx 000 0 und d
020 _a9780717286034
050 _bH648 2005
100 _aHill, Susan.
245 _aWhat did squirrel find?
245 _cSusan Hill ; illustrated by Jacqueline East.
260 _aNew York :
260 _bScholastic,
260 _c2005
300 _a28 pages :
300 _bcolor illustration ;
999 _c355049
_d355049